| 000 | 00344nam a2200133Ia 4500 | ||
|---|---|---|---|
| 008 | 240624s9999 xx 000 0 und d | ||
| 041 | _aeng | ||
| 082 | _a658.8 KOT | ||
| 100 | _aKOTLER PHILIP | ||
| 245 | _aKOTLER ON MARKETING HOW TO CREATE WIN AN | ||
| 260 |
_c1999 _aLondon _bFree Press |
||
| 300 | _axiv, : 255 : p. : cm. ; 23 | ||
| 365 |
_c _b20 |
||
| 999 |
_c8105 _d8105 |
||